| Tag |
First Indicator |
Second Indicator |
Subfields |
| LEADER |
00000cam a2200000 a 4500 |
| 001 |
in00000070844 |
| 005 |
20151008061930.0 |
| 008 |
780127s1977 idu b s00010 engm |
| 010 |
|
|
|a 77076324
|
| 020 |
|
|
|a 0884300528 :
|c $2.00
|
| 035 |
|
|
|a (OCoLC)03501004
|
| 035 |
|
|
|9 AAJ9160AM
|
| 040 |
|
|
|a DLC
|c DLC
|d m.c.
|d OCL
|d TXA
|d UtOrBLW
|
| 043 |
|
|
|a n-ust--
|a n-us-nm
|
| 049 |
|
|
|a TXAM
|c [386450]
|
| 050 |
0 |
0 |
|a F800.G8323
|b F67
|
| 082 |
0 |
|
|a 917.9/04/20922
|
| 100 |
1 |
|
|a Foster, Edward Halsey.
|
| 245 |
1 |
0 |
|a Josiah Gregg and Lewis H. Garrard /
|c by Edward Halsey Foster.
|
| 264 |
|
1 |
|a Boise, Idaho :
|b Boise State University,
|c [1977]
|
| 264 |
|
4 |
|c ©1977
|
| 300 |
|
|
|a 48 pages ;
|c 21 cm.
|
| 336 |
|
|
|a text
|b txt
|2 rdacontent
|
| 337 |
|
|
|a unmediated
|b n
|2 rdamedia
|
| 338 |
|
|
|a volume
|b nc
|2 rdacarrier
|
| 490 |
1 |
|
|a Boise State University Western writers series ;
|v no. 28
|
| 504 |
|
|
|a Bibliography: pages 47-48.
|
| 600 |
1 |
0 |
|a Gregg, Josiah,
|d 1806-1850.
|t Commerce of the prairies.
|
| 600 |
1 |
0 |
|a Garrard, Lewis Hector,
|d 1829-1887.
|t Wah-to-yah, and the Taos Trail.
|
| 651 |
|
0 |
|a Southwest, New
|x Description and travel.
|
| 651 |
|
0 |
|a Santa Fe National Historic Trail.
|
| 651 |
|
0 |
|a Taos (N.M.)
|
| 830 |
|
0 |
|a Boise State University western writers series ;
|v no. 28.
|
| 999 |
|
|
|a MARS
|
| 999 |
f |
f |
|s 08416de4-1fa2-3ef8-ad7f-fa5e5d174d23
|i 1973a210-7437-3131-84d7-25d257ff9251
|t 0
|
| 952 |
f |
f |
|p ric
|a Texas A&M University
|b Rellis Campus
|c Joint Library Facility
|d Remote Storage
|t 0
|e F800.G8323 F67
|h Library of Congress classification
|i unmediated -- volume
|m A14806110389
|
| 998 |
f |
f |
|a F800.G8323 F67
|t 0
|l Remote Storage
|